The Substantive Law of the EU The Four Freedoms

Saved in:
Bibliographic Details
Main Author: Barnard, Catherine
Format: Book
Language:English
Published: Oxford Oxford University Press 2022
Edition:7th Edition
Subjects:
Tags: Add Tag
No Tags, Be the first to tag this record!

MARC

LEADER 00000nam a2200000 4500
001 0304982
005 20250109110212.6
020 |a 978-0-19-285788-0 
041 0 |a eng 
044 |a GB 
245 1 0 |a The Substantive Law of the EU  |b The Four Freedoms  |c Catherine Barnard 
250 |a 7th Edition 
264 1 |a Oxford  |b Oxford University Press  |c 2022 
300 |a 631 s. 
610 2 0 |a právo európske 
610 2 0 |a právo medzinárodné 
610 2 0 |a Európska únia 
100 1 |a Barnard, Catherine